| 000 | 00968pam a2200241 a 4500 | ||
|---|---|---|---|
| 001 | 3543156 | ||
| 005 | 20250801153136.0 | ||
| 008 | 970515s1997 nyua bd 001 0ceng | ||
| 020 |
_a0471175366 _qcloth : alk. paper |
||
| 020 |
_a9780471175360 _q(cloth : alk. paper) |
||
| 050 | 0 | 0 |
_aHC102.5.A2 _bH35 1997 |
| 082 | 0 | 0 |
_a338/.04/092273 _aB _221 |
| 100 | 1 |
_aHallett, Anthony, _d1956- |
|
| 245 | 1 | 0 |
_aEntrepreneur magazine : _bencyclopedia of entrepreneurs / _cAnthony and Diane Hallett. |
| 260 |
_aNew York : _bWiley, _cc1997. |
||
| 300 |
_ax, 512 p. : _bill. ; _c26 cm. |
||
| 440 | 4 | _aThe Entrepreneur magazine small business series | |
| 650 | 0 |
_aBusinesspeople _zUnited States _xBiography _xDictionaries. |
|
| 700 | 1 |
_aHallett, Diane, _d1955- |
|
| 856 | 4 | 2 |
_3Contributor biographical information _uhttp://www.loc.gov/catdir/bios/wiley041/97021816.html |
| 856 | 4 | 2 |
_3Publisher description _uhttp://www.loc.gov/catdir/description/wiley031/97021816.html |
| 942 |
_2lcc _cBK _n0 |
||
| 999 |
_c7226 _d7226 |
||